| 000 | 01125nam a2200277 i 4500 | ||
|---|---|---|---|
| 001 | 8124 | ||
| 003 | KOSZ 005 | ||
| 005 | 20221123103027.0 | ||
| 008 | 080328s1962 pl a f 000 0 pol | ||
| 015 | _aPB 1962/4289 | ||
| 040 |
_aWA N _cKOSZ 005/RW _dKOSZ 005/RW |
||
| 041 | 1 |
_apol _heng |
|
| 080 | _a621.3 | ||
| 100 | 1 |
_aLion, Kurt Siegfried. _eAutor. |
|
| 245 | 1 | 0 |
_aPrzyrządy do badań naukowych : _belektryczne przetworniki wejściowe / _cK. S. Lion ; tł. Janusz Kacprowski. |
| 246 | 1 |
_iTyt. oryg.: _aInstrumentation in scientific research : _belectrical input transducers. |
|
| 260 |
_aWarszawa : _bWydawnictwa Naukowo-Techniczne, _c1962. |
||
| 300 |
_a310, [1] s. : _bil. ; _c25 cm. |
||
| 380 | _aKsiążki. | ||
| 521 | 8 | _aDla pracowników naukowych i inżynierów oraz dla słuchaczy szkół wyższych. | |
| 650 | 4 | _aPrzetworniki pomiarowe | |
| 710 | 2 |
_aWydawnictwa Naukowo-Techniczne _4pbl. |
|
| 700 | 1 |
_aKacprowski, Janusz _d(1916-1993) _eTłumaczenie |
|
| 856 |
_uhttp://koha.tu.koszalin.pl/cgi-bin/koha/opac-detail.pl?biblionumber=8124 _yKatalog online BPK |
||
| 942 |
_2UKD _cKS |
||
| 999 |
_c8124 _d8124 |
||